000 00553nam a22001817a 4500
999 _c188908
_d188908
005 20220607145613.0
010 _aENG-133092
020 _c125.00
_a978-93-87253-30-8
035 _aEN-116624
037 _bDBAD/PUB
082 _a651.7
100 _aGarg, Manoj Kumar
245 _aBusines Communication/
_cManoj Kumar Garg
260 _c2018
_aNew Delhi
_bKitab Mahal Publishers
270 _a8, Hari Sadan,(G.F.), 20, Ansari Road, Daryaganj
_bNew Delhi
_e110002
300 _a158p.
_c21cm(pbk)
942 _2ddc
_cEN
_mGAR
_h451.7